|
|
|
|
| LEADER |
03437nam a2200565 a 4500 |
| 001 |
000637145 |
| 003 |
CZ BrMZK |
| 005 |
20170209120705.0 |
| 007 |
ta |
| 008 |
021119s2002 xr e p cze d |
| 015 |
|
|
|a cnb001185391
|
| 020 |
|
|
|a 80-213-0922-9
|q (brož.) :
|c Kč 102,00
|
| 020 |
|
|
|a 978-80-213-0922-7
|q (dotisk :
|q brož.) :
|c Kč 116,00 :
|c Kč 123,00 :
|c Kč 136,00 :
|c Kč 143,00 :
|c Kč 148,00 :
|c Kč 159,00
|
| 035 |
|
|
|a (OCoLC)53264773
|
| 040 |
|
|
|a OLA001
|b cze
|d BOA001
|
| 072 |
|
7 |
|a 005
|x Management. Řízení
|2 Konspekt
|9 4
|
| 072 |
|
7 |
|a 37.016
|x Učební osnovy. Vyučovací předměty. Učebnice
|2 Konspekt
|9 22
|
| 080 |
|
|
|a 005.21
|2 MRF
|
| 080 |
|
|
|a (075.8)
|2 MRF
|
| 100 |
1 |
|
|a Tichá, Ivana,
|d 1963-
|7 jn20010309220
|4 aut
|
| 245 |
1 |
0 |
|a Strategické řízení /
|c Ivana Tichá, Jan Hron
|
| 250 |
|
|
|a Vyd. 1.
|
| 260 |
|
|
|a Praha :
|b Credit,
|c 2002
|
| 300 |
|
|
|a 235 s. :
|b il. ;
|c 29 cm
|
| 500 |
|
|
|a Vydavatel: Česká zemědělská univerzita v Praze
|
| 521 |
|
|
|a Pro posluchače oboru PaE, PaA, VSRR
|
| 650 |
0 |
7 |
|a strategický management
|7 ph116291
|2 czenas
|
| 655 |
|
7 |
|a učebnice vysokých škol
|7 fd133772
|2 czenas
|
| 700 |
1 |
|
|a Hron, Jan,
|d 1941-
|7 jn19990216068
|4 aut
|
| 710 |
2 |
|
|a Česká zemědělská univerzita v Praze.
|b Provozně ekonomická fakulta
|7 kn20010725055
|
| 910 |
|
|
|a BOA001
|b 3-1108.920
|
| 990 |
|
|
|a BK
|
| 996 |
6 |
|
|b 2610179285
|c 3-1108.920
|l MZK
|r Sklad / do 1 hodiny
|n 14
|p p.v.
|w 000637145
|u 000010
|a 1
|e BOA001
|j MZK50
|s P
|
| 996 |
7 |
|
|b 2610191040
|c 3-1108.920
|l MZK
|r Sklad / do 1 hodiny
|n 39
|p p.v.
|w 000637145
|u 000020
|a 1
|e BOA001
|j MZK50
|s A
|
| 996 |
7 |
|
|b 2610202821
|c 3-1108.920
|l MZK
|r Sklad / do 1 hodiny
|n 33
|p p.v.
|w 000637145
|u 000030
|a 1
|e BOA001
|j MZK50
|s A
|
| 996 |
7 |
|
|b 2610246441
|c 3-1108.920
|l MZK
|r Sklad / do 1 hodiny
|n 37
|p p.v.
|w 000637145
|u 000040
|a 1
|e BOA001
|j MZK50
|s A
|
| 996 |
7 |
|
|b 2610279907
|c 3-1108.920
|l MZK
|r Sklad / do 1 hodiny
|n 31
|p p.v. 4. dotisk 2006
|w 000637145
|u 000050
|a 1
|e BOA001
|j MZK50
|s A
|
| 996 |
7 |
|
|b 2610311762
|c 3-1108.920
|l MZK
|r Sklad / do 1 hodiny
|n 27
|p p.v. 5. dotisk 2007
|w 000637145
|u 000060
|a 1
|e BOA001
|j MZK50
|s A
|
| 996 |
7 |
|
|b 2610330961
|c 3-1108.920
|l MZK
|r Sklad / do 1 hodiny
|n 25
|p p.v.
|w 000637145
|u 000070
|a 1
|e BOA001
|j MZK50
|s A
|
| 996 |
7 |
|
|b 2610371134
|c 3-1108.920
|l MZK
|r Sklad / do 1 hodiny
|n 28
|p p.v.
|w 000637145
|u 000080
|a 1
|e BOA001
|j MZK50
|s A
|
| 996 |
7 |
|
|b 2610394989
|c 3-1108.920
|l MZK
|r Sklad / do 1 hodiny
|n 27
|p p.v.
|w 000637145
|u 000090
|a 1
|e BOA001
|j MZK50
|s A
|
| 996 |
7 |
|
|b 2610456901
|c 3-1108.920
|l MZK
|r Sklad / do 1 hodiny
|n 17
|p p.v.
|w 000637145
|u 000100
|a 1
|e BOA001
|j MZK50
|s A
|
| 996 |
7 |
|
|b 2610474457
|c 3-1108.920
|l MZK
|r Sklad / do 1 hodiny
|n 26
|p p.v.
|w 000637145
|u 000110
|a 1
|e BOA001
|j MZK50
|s A
|
| 996 |
7 |
|
|b 2610494061
|c 3-1108.920
|l MZK
|r Sklad / do 1 hodiny
|n 14
|p p.v.
|w 000637145
|u 000120
|a 1
|e BOA001
|j MZK50
|s A
|
| 996 |
7 |
|
|b 2610503796
|c 3-1108.920
|l MZK
|r Sklad / do 1 hodiny
|n 13
|p p.v.
|w 000637145
|u 000130
|a 1
|e BOA001
|j MZK50
|s A
|
| 996 |
7 |
|
|b 2610528397
|c 3-1108.920
|l MZK
|r Sklad / do 1 hodiny
|n 11
|p p.v.
|w 000637145
|u 000140
|a 1
|e BOA001
|j MZK50
|s A
|
| 996 |
7 |
|
|b 2610566450
|c 3-1108.920
|l MZK
|r Sklad / do 1 hodiny
|n 11
|p p.v.
|w 000637145
|u 000150
|a 1
|e BOA001
|j MZK50
|s A
|
| 996 |
7 |
|
|b 2610613339
|c 3-1108.920
|l MZK
|r Sklad / do 1 hodiny
|n 8
|p p.v.
|w 000637145
|u 000160
|a 1
|e BOA001
|j MZK50
|s A
|
| 996 |
7 |
|
|b 2610665298
|c 3-1108.920
|l MZK
|r Sklad / do 1 hodiny
|n 2
|p p.v.
|w 000637145
|u 000170
|a 1
|e BOA001
|j MZK50
|s A
|
| 996 |
7 |
|
|b 2610697090
|c 3-1108.920
|l MZK
|r Sklad / do 1 hodiny
|n 10
|p p.v.
|w 000637145
|u 000180
|a 1
|e BOA001
|j MZK50
|s A
|